000 01071nam0a22002651i 4500
001 rc\2115264
005 20240723123446.0
035 _a(NLR Aleph) 006660088
090 _a4885159
_c4885158
100 _a20110829d1979 |||y0rusy50 ca
101 0 _arus
102 _aRU
105 _ay d |||||
200 1 _aТрудовые ресурсы совхозов и вопросы их рационального использования
_e(На примере совхозов Абхаз. АССР)
_eАвтореф. дис. на соиск. учен. степ. канд. экон. наук
_e(08.00.05)
210 _aТбилиси
_d1979
215 _a27 с.
300 _aВ надзаг.: Ин-т экономики и права АН ГССР
320 _aСписок работ авт.: с. 26-27 (4 назв.)
700 1 _aАблотия
_bР.И.
_gРамин Илларионович
801 0 _aRU
_bNLR
_gpsbo
801 1 _aRU
_bELAR
_2rusmarc
852 _aNLR
_j79-4/19267
899 _aRuMoRGB
_jДр 378/467
899 _aRuMoRGB
_jДр 378/468
942 _cBOOK